000 00608nam a2200193Ii 4500
003 JO-AjNU
008 230605s9999||||xx |||||||||||||| ||und||
040 _aJO-AjNU
_bara
_erda
_cJO-AjNU
041 _aara
050 1 4 _aKMF1207.3.B34.2002
100 3 _aد،م,
_eauthor
_953121
245 0 0 _aدستور مملكة البحرين ومذكراته التفسيرية
264 3 1 _aالبحرين : د،ن ، 2002
300 _a75ص
336 _atext
_btxt
_2rdacontent
337 _aunmediated
_bn
_2rdamedia
338 _avolume
_bnc
_2rdacarrier
650 4 _aدستور مملكة البحرين
_953122
999 _aA23573
_c27141
_d27141